000 00427nam a22001697a 4500
003 CEME
005 20210628203137.0
008 210201b xxu||||| |||| 00| 0 eng d
020 _a0122060938
040 _c.
082 _a006.37 DAV
100 _aDavies, E.R
_963597
245 _aMachine vision , theory algorithms practicalities
260 _aINDIA
_bMORGAN KAUFMANN
_c2006
300 _aXXXIII, 934P
942 _cBK
_2ddc
999 _c572363
_d572363